| 000 | 00491nam a2200157 i 4500 | ||
|---|---|---|---|
| 001 | 96450 | ||
| 003 | ES-MaACL | ||
| 005 | 20230906181921.0 | ||
| 007 | t| | ||
| 008 | 050627s1971 sp ||||1| spa d | ||
| 100 | 1 |
_aMaldonado Chiarri, Joaquín. _975724 |
|
| 245 | 1 | 0 |
_aAgentes de Cambio y Bolsa y Corredores Colegiados de Comercio... / _cJoaquín Maldonado Chiarri. |
| 260 |
_aValencia : _bFomento de Cultura, _c1971. |
||
| 300 |
_a2 v. ; _c21 cm. |
||
| 852 |
_aES-MaACL _jC-48289-90 _bR.78759 |
||
| 999 |
_c96450 _d96450 |
||